Statistiken für Filmzitate

Klicken Sie hier um das Quiz zu spielen!

Allgemein

  • Dieses Quiz wurde 438 mal gespielt
  • Das Durchschnittsergebnis liegt bei 5 aus 11

Antwortstatistiken

ZitatFilm% Korrekt
Ich bin der König der Welt!Titanic
91%
Möge die macht mit dir sein.Star Wars
89%
Das Leben ist wie eine Schachtel Pralinen, man weiss nie was man kriegt.Forrest Gump
88%
Straßen? Wo wir hinfahren, brauchen wir keine Straßen!Zurück in die Zukunft
54%
Es kann nur einen geben!Highlander
36%
Oh Captain, mein CaptainClub der Toten Dichter
34%
Ich liebe den Geruch von Napalm am Morgen!Apocalypse now
33%
Ich bin zu alt für so eine Scheiße!Lethal Weapon
22%
Aber was, wenn es kein Morgen gibt? Heute gab es nämlich auch keins.Und täglich grüsst das Murmeltier
16%
Niemand verarscht Jesus!The Big Lebowski
7%
Ein Volk sollte keine Angst vor seiner Regierung haben, eine Regierung sollte Angst vor ihrem Volk haben.V wie Vendetta
7%

Verteilung der Resultate

Perzentil nach korrekt beantworteten Fragen

Anzahl Personen mit jedem Resultat

Ihre Resultats-Entwicklung

Sie haben dieses Quiz noch nicht gespielt